| 000 | 00523nam a2200193Ia 4500 | ||
|---|---|---|---|
| 008 | 230125s9999 xx 000 0 und d | ||
| 020 | _a81-903995-2-7 | ||
| 041 | _aeng | ||
| 082 |
_a823 _bGAN |
||
| 100 |
_aGanesh N, Ed. _9113220 |
||
| 245 |
_aThe Best of Speaking Tree _bVol 1 to Vol 4 |
||
| 260 |
_c2008 _bTimes Group Books _aNew Delhi |
||
| 300 | _a158p | ||
| 500 | _aLiterature;English Literature | ||
| 650 | _aEnglish Literature | ||
| 700 |
_aGanesh N, Ed. _9113220 |
||
| 906 | _b40 | ||
| 999 |
_c90260 _d90260 |
||